000 00316nam a2200097Ia 4500
008 160725s9999 xx 000 0 und d
100 _aGareza, April Apple G.
245 _aGearing toward constructivism in nursing education.
260 _bKaizen Research Journal College of Nursing
_cSeptember 2012
650 _aNURSING
999 _c298015
_d298015